Study On The Changes In The Land Market In Koy Meng Commune Mongkul Borey District Banteay Mean Chey Province,សិក្សាពីបម្រែបម្រួលទីផ្សារដីធ្លី ឃុំគយម៉ែង ស្រុកមង្គលបូរ ខេត្តបន្ទាយមានជ័យ (Record no. 25340)

000 -LEADER
fixed length control field 00603nam a22001217a 4500
040 ## - CATALOGING SOURCE
Transcribing agency RUA
082 ## - DEWEY DECIMAL CLASSIFICATION NUMBER
Classification number LMA MON 2024 B701 Or.1
100 ## - MAIN ENTRY--AUTHOR NAME
Personal name MON SOCHEAT, មន សុជាតិ
245 ## - TITLE STATEMENT
Title Study On The Changes In The Land Market In Koy Meng Commune Mongkul Borey District Banteay Mean Chey Province,សិក្សាពីបម្រែបម្រួលទីផ្សារដីធ្លី ឃុំគយម៉ែង ស្រុកមង្គលបូរ ខេត្តបន្ទាយមានជ័យ
260 ## - PUBLICATION, DISTRIBUTION, ETC. (IMPRINT)
Place of publication PHNOM PENH
Name of publisher RUA
Year of publication 2024
300 ## - PHYSICAL DESCRIPTION
Number of Pages xi,
Other physical details ill,
Dimensions 29cm,
942 ## - ADDED ENTRY ELEMENTS (KOHA)
Koha item type LMA
952 ## - LOCATION AND ITEM INFORMATION (KOHA)
Withdrawn status [LOCAL, KOHA] 0
952 ## - LOCATION AND ITEM INFORMATION (KOHA)
Withdrawn status [LOCAL, KOHA] 0
Holdings
Permanent Location Date acquired Koha item type Lost status Shelving location Barcode Current Location Full call number
Library Block B2025-06-23LMA B701A083934Library Block BLMA MON 2024 B701 Or.1
Library Block B2025-06-23LMA B701A083922Library Block DLMA MON 2024 B701 Or.2
មជ្ឈមណ្ឌលឯការនៃសាកលវិទ្យាល័យភូមិន្ទកសិកម្មចំការដូង

Powered by Koha